Enantioselective Palladium(II)-Catalyzed Oxycarbonylation in the Synthesis of Bicyclic Lactones. Synthesis of Natural Products

Guardado en:
Detalles Bibliográficos
Autor principal: Kapitán, Peter
Formato: Libro
Lenguaje:inglés
Publicado: Bratislava Fakulta chemickej a potravinárskej technológie STU 2005
Materias:
Acceso en línea:Ver en el OPAC
Etiquetas: Agregar Etiqueta
Sin Etiquetas, Sea el primero en etiquetar este registro!

MARC

LEADER 00000nam a2200000 a 4500
005 20260127133947.0
008 080514 2005 xo 000 0 eng d
035 |a vtls009293904 
039 9 |a 200805200934  |b mschk02  |y 200805140953  |z mschk02 
040 |a STUSCHK1  |b slo  |c STUSCHK1  |e AACR2 
100 1 |a Kapitán, Peter 
245 1 |a Enantioselective Palladium(II)-Catalyzed Oxycarbonylation in the Synthesis of Bicyclic Lactones. Synthesis of Natural Products 
260 |a Bratislava  |b Fakulta chemickej a potravinárskej technológie STU  |c 2005 
300 |a 116 s.  |b tab.,lit.  |c 30 cm 
500 |a Katedra organickej chémie 
650 0 |a enantioselective palladium(II) 
650 0 |a bicyclic lactones 
910 |a SCHK95 
999 |c 932  |d 932